MARC details
| 000 -LEADER |
| fixed length control field |
01874cam a2200481Ia 4500 |
| 001 - CONTROL NUMBER |
| control field |
1001908007 |
| 003 - CONTROL NUMBER IDENTIFIER |
| control field |
OCoLC |
| 005 - DATE AND TIME OF LATEST TRANSACTION |
| control field |
20220823145350.0 |
| 008 - FIXED-LENGTH DATA ELEMENTS--GENERAL INFORMATION |
| fixed length control field |
040120s2003 sp a b 000 1 spa d |
| 020 ## - INTERNATIONAL STANDARD BOOK NUMBER |
| International Standard Book Number |
8426133355 |
| 020 ## - INTERNATIONAL STANDARD BOOK NUMBER |
| International Standard Book Number |
9788426133359 |
| 037 ## - SOURCE OF ACQUISITION |
| Stock number |
BRO-adap20150622-084 |
| 040 ## - CATALOGING SOURCE |
| Original cataloging agency |
TEF |
| Language of cataloging |
eng |
| Transcribing agency |
TEF |
| Modifying agency |
SAP |
| -- |
BAKER |
| -- |
PL# |
| -- |
TEF |
| -- |
BDX |
| -- |
OCLCF |
| -- |
OCLCQ |
| -- |
SFR |
| -- |
UtOrBLW |
| 041 1# - LANGUAGE CODE |
| Language code of text/sound track or separate title |
spa |
| Language code of original |
eng |
| 043 ## - GEOGRAPHIC AREA CODE |
| Geographic area code |
n-us--- |
| 050 14 - LIBRARY OF CONGRESS CALL NUMBER |
| Classification number |
PZ73.R24435 |
| Item number |
Me 2003 |
| 092 ## - LOCALLY ASSIGNED DEWEY CALL NUMBER (OCLC) |
| Classification number |
SPANISH jPS |
| Item number |
RECO |
| 100 1# - MAIN ENTRY--PERSONAL NAME |
| Personal name |
Recorvits, Helen. |
| 240 10 - UNIFORM TITLE |
| Uniform title |
<a href="My name is Yoon.">My name is Yoon.</a> |
| Language of a work |
Spanish. |
| 245 10 - TITLE STATEMENT |
| Title |
Me llamo Yoon / |
| Statement of responsibility, etc. |
Helen Recorvits ; ilustraciones de Gabi Swiatkowska ; [traduccion, Christiane Reyes]. |
| 250 ## - EDITION STATEMENT |
| Edition statement |
1a ed. |
| 260 ## - PUBLICATION, DISTRIBUTION, ETC. (IMPRINT) |
| Place of publication, distribution, etc. |
Barcelona : |
| Name of publisher, distributor, etc. |
Juventud, |
| Date of publication, distribution, etc. |
2003. |
| 300 ## - PHYSICAL DESCRIPTION |
| Extent |
32 unnumbered pages : |
| Other physical details |
color illustrations ; |
| Dimensions |
24 x 25 cm. |
| 336 ## - CONTENT TYPE |
| Content type term |
text |
| Content type code |
txt |
| Source |
rdacontent. |
| 337 ## - MEDIA TYPE |
| Media type term |
unmediated |
| Media type code |
n |
| Source |
rdamedia. |
| 338 ## - CARRIER TYPE |
| Carrier type term |
volume |
| Carrier type code |
nc |
| Source |
rdacarrier. |
| 520 ## - SUMMARY, ETC. |
| Summary, etc. |
Disliking her name as written in English, Korean-born Yoon, or "shining wisdom," refers to herself as "cat," "bird," and "cupcake," as a way to feel more comfortable in her new school and new country. |
| 650 #0 - SUBJECT ADDED ENTRY--TOPICAL TERM |
| Topical term or geographic name as entry element |
Korean Americans |
| Form subdivision |
Juvenile fiction. |
| 650 #0 - SUBJECT ADDED ENTRY--TOPICAL TERM |
| Topical term or geographic name as entry element |
Immigrants |
| Geographic subdivision |
United States |
| Form subdivision |
Juvenile fiction. |
| 650 #0 - SUBJECT ADDED ENTRY--TOPICAL TERM |
| Topical term or geographic name as entry element |
First day of school |
| Form subdivision |
Juvenile fiction. |
| 650 #0 - SUBJECT ADDED ENTRY--TOPICAL TERM |
| Topical term or geographic name as entry element |
Names, Personal |
| Form subdivision |
Juvenile fiction. |
| 650 #1 - SUBJECT ADDED ENTRY--TOPICAL TERM |
| Topical term or geographic name as entry element |
Korean Americans |
| Form subdivision |
Fiction. |
| 650 #1 - SUBJECT ADDED ENTRY--TOPICAL TERM |
| Topical term or geographic name as entry element |
Immigrants |
| Geographic subdivision |
United States |
| Form subdivision |
Fiction. |
| 650 #1 - SUBJECT ADDED ENTRY--TOPICAL TERM |
| Topical term or geographic name as entry element |
First day of school |
| Form subdivision |
Fiction. |
| 650 #1 - SUBJECT ADDED ENTRY--TOPICAL TERM |
| Topical term or geographic name as entry element |
Names, Personal |
| Form subdivision |
Fiction. |
| 650 #1 - SUBJECT ADDED ENTRY--TOPICAL TERM |
| Topical term or geographic name as entry element |
Spanish language materials. |
| 650 #4 - SUBJECT ADDED ENTRY--TOPICAL TERM |
| Topical term or geographic name as entry element |
Coreano-americanos |
| Form subdivision |
Ficcion juvenil. |
| 650 #4 - SUBJECT ADDED ENTRY--TOPICAL TERM |
| Topical term or geographic name as entry element |
Inmigrantes |
| Geographic subdivision |
Estados Unidos |
| Form subdivision |
Ficcion juvenil. |
| 650 #4 - SUBJECT ADDED ENTRY--TOPICAL TERM |
| Topical term or geographic name as entry element |
Escuelas |
| Form subdivision |
Novela infantil. |
| 650 #4 - SUBJECT ADDED ENTRY--TOPICAL TERM |
| Topical term or geographic name as entry element |
Nombres personales |
| Form subdivision |
Ficcion juvenil. |
| 700 1# - ADDED ENTRY--PERSONAL NAME |
| Personal name |
Swiatkowska, Gabriela, |
| Relator term |
ill. |
| 942 ## - ADDED ENTRY ELEMENTS (KOHA) |
| Koha item type |
Libro/Book |